000 00376nam a2200157Ia 4500
001 32248
003 IN-NITTTR
005 20251114233429.0
008 251113s9999||||xx |||||||||||||| ||eng||
040 _beng
040 _cIN-NITTTR
041 _aeng
082 _a005.133 D748L
245 0 _aLearning With Python- How to think like a computer Scientist /
942 _2ddc
_cBK
999 _c34878
_d34878